00686nam a2200121Ia 4500008004100000020001800041100002200059245013000081260002700211650026200238650002200500856004200522171212s9999 xx 000 0 und d a9780833031815 aWolf, Charles Jr. cWolf, Charles Jr.aStraddling Economics and PoliticsbCross-Cutting Issues in Asia, the United States, and the Global Economy bRAND Corporationc2002 aGlobalization -- Economic aspects; Globalization -- Political aspects; Free enterprise; International economic relations; United States -- Economic policy -- 1993–2001; United States -- Economic conditions -- 20th century; United States -- Politics and go aPolitical Science uwww.jstor.org/stable/10.7249/mr1571rc